LEADER 01246nam0-22003491i-450- 001 990007454380403321 005 20060327145307.0 010 $a84-7009-073-9 035 $a000745438 035 $aFED01000745438 035 $a(Aleph)000745438FED01 035 $a000745438 100 $a20030812d1979----km-y0itay50------ba 101 0 $aspa$agrc$alat 102 $aES 105 $ay---aem-001yy 200 1 $aLatinismos en la koiné$e(en los documentos epigráficos desde el 212 a. J.C. hasta el 14 d. J.C.)$egramática y léxico griego-latino, latino-griego$fEnrique García Domingo 210 $aBurgos$cColegio universitario de Burgos$d1979 215 $a845 p.$d24 cm 225 1 $aPublicaciones$fdel Colegio universitario de Burgos 304 $aIn testa al front.: Universidad de Valladolid, Colegio universitario de Burgos 610 0 $aIscrizioni greche$aLatinismi$a212 a.C. - 14 676 $a487.4$v20 700 1$aGarcía Domingo,$bEnrique$0416895 801 0$aIT$bUNINA$gRICA$2UNIMARC 901 $aBK 912 $a990007454380403321 952 $aDirez. G-041$b7411 ddr$fDDR$m21-4490 952 $aDirez. G-041-(bis$b7571 ddr$fDDR$m21-9834 959 $aDDR 996 $aLatinismos en la koiné$9679768 997 $aUNINA LEADER 01158nam--2200397---450- 001 990002923900203316 005 20070514112813.0 010 $a28-520-3556-1 035 $a000292390 035 $aUSA01000292390 035 $a(ALEPH)000292390USA01 035 $a000292390 100 $a20070514d1996----km-y0itay50------ba 101 $afre 102 $aFR 105 $a||||||||001yy 200 1 $aCharmes, conjurations et benedictions$elexique et formules$fClaude Lecouteux 210 $aParis$cH. Champion$d1996 215 $a140 p.$d23 cm 225 2 $aEssais sur le Moyen-Age$v17 410 0$12001$aEssais sur le Moyen-Age$v17 454 1$12001 461 1$1001-------$12001 606 0 $aIncantesimi$xMedioevo$xLessico 606 0 $aScongiuri$xMedioevo$xLessico 606 0 $aBenedizioni$xMedioevo$xLessico 676 $a133.44 700 1$aLECOUTEUX,$bClaude$0168981 801 0$aIT$bsalbc$gISBD 912 $a990002923900203316 951 $aR II c 4$b571 DLM$cR II 959 $aBK 969 $aDILAM 979 $aDILAM$b90$c20070514$lUSA01$h1128 996 $aCharmes, conjurations et benedictions$91029434 997 $aUNISA LEADER 01207nam--2200409---450- 001 990005813730203316 005 20130304091022.0 010 $a978-0-521-78053-7 035 $a000581373 035 $aUSA01000581373 035 $a(ALEPH)000581373USA01 035 $a000581373 100 $a20130304d2007----km-y0itay50------ba 101 $aeng 102 $aGB 105 $a||||||||001yy 200 1 $a<> Cambridge economic history of the graeco-roman world$fedited by Walter Scheidel, Ian Morris, Richard Saller 210 $aCambridge$cCambridge University$d2007 215 $aXIV,942 p.$cill.$d24 cm 410 0$12001 454 1$12001 461 1$1001-------$12001 606 0 $aEconomia$yGrecia antica$2BNCF 606 $aEconomia$yRoma antica$2BNCF 676 $a330.93 702 1$aSCHEIDEL,$bWalter 702 $aMORRIS,$bIan 702 $aSALLER,$bRichard 801 0$aIT$bsalbc$gISBD 912 $a990005813730203316 951 $aHSM 32$b10174 DSA 959 $aBK 969 $aDSA 979 $aDSA$b90$c20130304$lUSA01$h0908 979 $aDSA$b90$c20130304$lUSA01$h0910 996 $aCambridge economic history of the graeco-roman world$91088930 997 $aUNISA